| 000 | 00447nam a2200157Ia 4500 | ||
|---|---|---|---|
| 008 | 230711s9999||||xx |||||||||||||| ||und|| | ||
| 041 | _aENG | ||
| 082 |
_a621.3192 _bDE-L |
||
| 100 | _aDecarlo,Raymond a | ||
| 245 | 0 | _aLinear circuit analysis : time domain, phasor, and laplace transform approaches | |
| 250 | _a2nd Ed. | ||
| 260 |
_c2001 _aNew Delhi _bOxford University Press |
||
| 300 | _a1008 | ||
| 650 | _aElectrical Engineering | ||
| 942 | _cBK | ||
| 999 |
_c4487 _d4487 |
||